US history A-Z - Statistics

General Stats
  • This quiz has been taken 113 times
  • The average score is 12 of 26
Answer Stats
Questions Answer % Correct
A) 16th president of the US, bornin a log cabin in rural Kentucky in 1809 Abraham Lincoln
93%
G) Considered the bloodiest battle of the CivilWar Gettysburg
88%
E) Baltimore based writer famous for his poem,The Raven in the 1840s Edgar Allen Poe
85%
U) First name of General Grant Ulysses
82%
K) Became the 34th state admitted to the Union in 1861 Kansas
79%
D) Formerly Mt McKinley, the highest peakin North America Denali
73%
C) This pilot was the first to fly nonstop fromNY to Paris in May 1927 Charles Lindbergh
72%
O) One of the Wright brothers credited withthe first flight in Kitty Hawk in 1903 Orville
72%
S) This national song was written by Francis Scott Key as he watched the bombing of Baltimore Harbor Star Spangled Banner
67%
N) FDR socioeconomic program to revitalize theeconomy during the Depression New Deal
65%
M) This doctrine stated that the US would notallow European powers to colonize in the West Monroe Doctrine
55%
Z) Ice cleaning machine invented in 1949 bya mechanic named Frank Zamboni
53%
Y) crucial battle that ended in Gen. Cornwallis'surrender to Washington Yorktown
51%
J) This man, along with his wife Ethel, wereconvicted of spying and selling US military secrets to the Soviets after WW2 Julius Rosenburg
47%
W) General whos army burned Atlanta on hisMarch to the Sea sack of Savannah William T Sherman
40%
V) crucial campaign and Union victory foughtin Western Mississippi in 1863 Vicksburg
38%
B) First full scale battle of the Civil War innorthern Virginia, July 1861 Bull Run
33%
P) "charge" assault of Union forces during thebattle of Gettysburg Picketts charge
25%
T) Act signed in 1933 by FDR to improveeconomic development in the Tennessee area Tennessee Valley Authority
25%
I) Type of naval warships using iron as a way to strengthen defense during the civil war Ironclads
22%
Q) Undeclared warfare fought between the USand France in 1798-1800 Quasi French war
21%
X) Feud of political tension that led to the Quasi French War XYZ affair
20%
H) British born general who served in the Contiental Army during the Revolutionary war Horatio Gates
9%
L) this antislavery political party was founded in 1839 Liberty party
6%
F) Wyoming outpost crucial in the migrationwestward for supplies and tracking. Named for a famous fur trapper Fort Bridger
5%
R) A "passion for arms" ethusiasm of Americansduring the Revolutionary war rage militaire
1%
No matching quizzes found
Score Distribution
Percent of People with Each Score
Percentile by Number Answered
Your Score History
You have not taken this quiz